Statistics for Countries by Former Name

Click here to take the quiz!

General Stats

  • This quiz has been taken 2,248 times
  • The average score is 13 of 15

Answer Stats

HintAnswer% Correct
PersiaIran
99%
HollandNetherlands
98%
BurmaMyanmar
97%
Irish Free StateIreland
96%
MesopotamiaIraq
93%
SiamThailand
92%
ZaireDemocratic Republic of the Congo
91%
SwazilandEswatini
91%
Southern RhodesiaZimbabwe
88%
CeylonSri Lanka
87%
Northern RhodesiaZambia
85%
German South West AfricaNamibia
83%
AbyssiniaEthiopia
79%
KampucheaCambodia
76%
Alto VoltaBurkina Faso
47%

Score Distribution

Percentile by Number Answered

Percent of People with Each Score

Your Score History

You have not taken this quiz